[Event "Nittenau-ch 09th"]
[Site "Nittenau"]
[Date "2009.09.20"]
[Round "5"]
[White "Fuchs, Daniel"]
[Black "Meier, Christian"]
[Result "1-0"]
[WhiteElo "1484"]
[BlackElo "1333"]
[PlyCount "87"]
[EventDate "2009.09.18"]
[EventType "swiss"]
[EventRounds "5"]
[EventCountry "GER"]
[SourceTitle "EXT 2022"]
[Source "ChessBase"]
[SourceDate "2021.10.06"]
[SourceVersion "1"]
[SourceVersionDate "2021.10.06"]
[SourceQuality "1"]

1. e4 c5 2. Nf3 Nc6 3. d4 cxd4 4. Nxd4 Nf6 5. Nc3 e5 6. Ndb5 d6 7. Nd5 Nxd5 8. exd5 Nb8 9. c4 Be7 10. Be3 a6 11. Nc3 0-0 12. Bd3 f5 13. 0-0 Nd7 14. Qc2 e4 15. Be2 Bg5 16. Bxg5 Qxg5 17. f4 Qh4 18. g3 Qd8 19. b4 Qb6+ 20. Kg2 Qxb4 21. Rfb1 Qc5 22. Rb2 Rb8 23. Rab1 Qc7 24. Na4 Nc5 25. Nxc5 Qxc5 26. Rb6 Ra8 27. h3 Qc7 28. Qd2 Rf7 29. Qb4 Rf6 30. Kf2 Qc5+ 31. Qxc5 dxc5 32. Ke3 Rf7 33. g4 Ra7 34. gxf5 Bxf5 35. Bg4 g6 36. Rg1 Rg7 37. d6 Bxg4 38. hxg4 Ra8 39. Kxe4 Kf8 40. Kd5 Ke8 41. Re1+ Kd8 42. Kxc5 Rc8+ 43. Kd5 h5 44. Rb2 1-0

[Event "Nittenau-ch 09th"]
[Site "Nittenau"]
[Date "2009.09.20"]
[Round "4"]
[White "Haeusler, Florian"]
[Black "Fuchs, Daniel"]
[Result "1-0"]
[WhiteElo "1328"]
[BlackElo "1484"]
[PlyCount "65"]
[EventDate "2009.09.18"]
[EventType "swiss"]
[EventRounds "5"]
[EventCountry "GER"]
[SourceTitle "EXT 2022"]
[Source "ChessBase"]
[SourceDate "2021.10.06"]
[SourceVersion "1"]
[SourceVersionDate "2021.10.06"]
[SourceQuality "1"]

1. e4 e5 2. Nf3 Nf6 3. Nxe5 d6 4. Nf3 Nxe4 5. Nc3 Nf6 6. d4 d5 7. Bg5 Be7 8. Qd2 Bf5 9. Bd3 Bxd3 10. Qxd3 c6 11. 0-0-0 0-0 12. Rde1 Re8 13. Ne5 Nfd7 14. Bxe7 Rxe7 15. f4 Qe8 16. Nf3 Nf6 17. Rxe7 Qxe7 18. Re1 Qd6 19. Ne5 Nbd7 20. h3 h6 21. g4 Kf8 22. g5 hxg5 23. fxg5 Ng8 24. Qf5 Nxe5 25. Rxe5 Ne7 26. Qh7 Qg6 27. Qh8+ Ng8 28. Ne2 f6 29. Nf4 Qf7 30. g6 Qd7 31. Ne6+ Ke7 32. Nc5+ fxe5 33. Qxg7+ 1-0

[Event "Oberpfalz-ch M3"]
[Site "Regensburg"]
[Date "2004.04.06"]
[Round "7.6"]
[White "Tarschis, Jewgenij"]
[Black "Fuchs, Daniel"]
[Result "1-0"]
[WhiteElo "1486"]
[BlackElo "1409"]
[PlyCount "43"]
[EventDate "2004.04.03"]
[EventType "swiss"]
[EventRounds "8"]
[EventCountry "GER"]
[SourceTitle "EXT 2022"]
[Source "ChessBase"]
[SourceDate "2021.10.06"]
[SourceVersion "1"]
[SourceVersionDate "2021.10.06"]
[SourceQuality "1"]

1. e4 e5 2. f4 exf4 3. Nf3 d6 4. Bc4 Be6 5. Bb3 Nc6 6. d4 Bxb3 7. axb3 Nf6 8. Nc3 Be7 9. Bxf4 0-0 10. 0-0 Re8 11. Qe1 Nh5 12. Bg3 Nxg3 13. Qxg3 Bf6 14. Rad1 Be7 15. e5 Rf8 16. Nd5 h6 17. Nf4 Kh7 18. h4 Rg8 19. e6 fxe6 20. Qg6+ Kh8 21. Nxe6 Qd7 22. Nfg5 1-0

[Event "Oberpfalz-ch M3"]
[Site "Regensburg"]
[Date "2004.04.05"]
[Round "6.10"]
[White "Fuchs, Daniel"]
[Black "Schwarzfischer, Bernhard"]
[Result "1-0"]
[WhiteElo "1409"]
[BlackElo "1265"]
[PlyCount "65"]
[EventDate "2004.04.03"]
[EventType "swiss"]
[EventRounds "8"]
[EventCountry "GER"]
[SourceTitle "EXT 2022"]
[Source "ChessBase"]
[SourceDate "2021.10.06"]
[SourceVersion "1"]
[SourceVersionDate "2021.10.06"]
[SourceQuality "1"]

1. e4 Nc6 2. Nf3 Nf6 3. Nc3 e5 4. d3 d6 5. Be2 Be7 6. 0-0 0-0 7. Be3 d5 8. exd5 Nxd5 9. Nxd5 Qxd5 10. Re1 Nd4 11. Nxd4 exd4 12. Bf3 Qd6 13. Bxd4 Bh4 14. Bc3 Qb6 15. g3 Bf6 16. Qd2 Bxc3 17. Qxc3 c6 18. Re3 Be6 19. a3 Rae8 20. Rae1 Qd8 21. Qb4 Bc8 22. Qc5 a6 23. Kg2 Rxe3 24. Rxe3 Re8 25. Rxe8+ Qxe8 26. Qe3 Qd7 27. Kg1 g6 28. d4 Qf5 29. Be4 Qd7 30. c3 Qe6 31. Bd3 Qb3 32. Qe8+ Kg7 33. Qxc8 1-0

[Event "Passau op 7th"]
[Site "Passau"]
[Date "1999.04.04"]
[Round "5"]
[White "Lutz, Gerhard"]
[Black "Fuchs, Daniel"]
[Result "1-0"]
[WhiteElo "1720"]
[BlackElo "1524"]
[PlyCount "71"]
[EventDate "1999.04.02"]
[EventType "swiss"]
[EventRounds "7"]
[EventCountry "GER"]
[SourceTitle "EXT 2000"]
[Source "ChessBase"]
[SourceDate "1999.11.16"]
[SourceVersion "1"]
[SourceVersionDate "1999.11.16"]
[SourceQuality "1"]

1. e4 c5 2. Nf3 Nc6 3. d4 cxd4 4. Nxd4 Nf6 5. Nc3 d6 6. Be2 g6 7. 0-0 Bg7 8. Kh1 0-0 9. Nxc6 bxc6 10. f4 e6 11. Bf3 d5 12. e5 Nd7 13. Re1 Ba6 14. b3 Re8 15. Bb2 Rb8 16. Ne2 c5 17. g3 Bb5 18. a4 Ba6 19. Ba3 Bf8 20. Kg2 Nb6 21. h4 c4 22. Bxf8 Kxf8 23. Nd4 Qc7 24. h5 cxb3 25. cxb3 Rec8 26. hxg6 hxg6 27. Rh1 Kg7 28. Rh4 Rh8 29. Rc1 Qd7 30. Rxh8 Kxh8 31. Qh1+ Kg7 32. Qh4 Rc8 33. Qf6+ Kf8 34. Rh1 Bf1+ 35. Rxf1 Qe7 36. Qh8# 1-0